Normal view
MARC view
- PRODUCTION MANAGEMENT.OPERATIONS MANAGEMENT.OPERATIONAL SYSTEMS.OPERATIONS STRATEGY
Entry Topical Term
001 - CONTROL NUMBER
- control field: 59145
003 - CONTROL NUMBER IDENTIFIER
- control field: NUST
005 - DATE AND TIME OF LATEST TRANSACTION
- control field: 20210628202302.0
008 - FIXED-LENGTH DATA ELEMENTS
- fixed length control field: 210628|| aca||aabn | a|a d
040 ## - CATALOGING SOURCE
- Original cataloging agency: NUST
- Transcribing agency: NUST
150 ## - HEADING--TOPICAL TERM
- Topical term or geographic name entry element: PRODUCTION MANAGEMENT.OPERATIONS MANAGEMENT.OPERATIONAL SYSTEMS.OPERATIONS STRATEGY
670 ## - SOURCE DATA FOUND
- Source citation: Work cat.: (NUST): Buffa, Elwood .S ,Sarin, Rakesh .K 59144, Modern production operations management, 1987
